000 01195cad a22002775a 4500
001 L160074
008 100415u20180410xxk g 000 0 eng d
035 _a(Sirsi) u160074
041 0 _aeng
050 0 4 _a346.41043 $2 18
110 _aRoyal Institution of Chartered Surveyors
_94900
245 0 4 _aValuing unregistered land
_h[electronic resource]
260 _aLondon
_bRICS
_c2018
490 0 _aRICS Research
520 _aInvestigates the widely-discussed claim that title registration is prerequisite for valuing unregistered land. This is the first time that informal land markets in Indonesia, Ghana and Peru have been studied in this way and this research and its findings should help provide a wealth of background information to anyone working or who has an interest in this sector.
590 _aKA NTK
650 2 4 _aDEVELOPING COUNTRIES
650 2 4 _aLAND REGISTRATION
651 4 _aIndonesia
651 4 _aGhana
651 4 _aSouth America
651 4 _aInternational
690 _aValuation
_96273
856 4 0 _uhttps://www.rics.org/news-insights/research-and-insights/valuing-unregistered-land
_zView the insight free of charge at www.rics.org
942 _n0
_2ddc
999 _c116191
_d116191